Efektivní systém řízení strategie : Nový nástroj zvyšování výkonnosti a vytváření konkurenční výhody

Na minha lista:
Detalhes bibliográficos
Main Authors: Norton, David P. (Author), Kaplan, Robert S. (Author)
Formato: Livro
Idioma:tcheco
Publicado em: Praha : Management Press, 2010
Edição:1. vyd.
Assuntos:
Tags: Adicionar Tag
Sem tags, seja o primeiro a adicionar uma tag!

MARC

LEADER 00000nam a22000003a 4500
001 stu205272
005 20150617230053.3
008 100616s2010----xr------------------cze-d
020 |a 978-80-7261-203-1 
040 |a STU  |b slo 
041 0 |a cze 
044 |a xr 
080 |a 65.012.001.7 
100 1 |a Norton, David P.  |4 aut 
245 1 |a Efektivní systém řízení strategie :  |b Nový nástroj zvyšování výkonnosti a vytváření konkurenční výhody 
250 |a 1. vyd. 
260 |a Praha :  |b Management Press,  |c 2010 
300 |a 325 s 
650 7 |a Stratégia podniková  |2 stusub 
700 1 |a Kaplan, Robert S.  |4 aut 
996 |b 284J037483  |c J*112788  |l JJSK  |s A  |a 24  |w stu205272_0001 
996 |b 284J041065  |c J*115837  |l JJSK  |s A  |a 24  |w stu205272_0002